| 000 | 00848cam a22001691 4500 | ||
|---|---|---|---|
| 082 |
_a629.22 _bDYK _cL-17, P-9 |
||
| 100 | 1 |
_aDyke, Andrew Lee, _947412 |
|
| 245 | 0 | 0 |
_aDyke's Automobile and gasoline engine encyclopedia; _bthe elementary principles, construction, operation and repair of automobiles, gasoline engines and automobile electric systems; including trucks, tractors, motorcoaches, automotive Diesel engines, aircraft engines and motorcycles, _cby A. L. Dyke. |
| 250 | _a20th ed. | ||
| 260 |
_aChicago, _bThe Goodheart-Willcox company, inc., _c1943. |
||
| 300 |
_axxxvi, 1244 (i.e. 1336), 111 p. _billus., fold., plates (part col.) tables (part fold.) diagrs. _c25 cm. |
||
| 500 | _aIncludes extra numbered pages. | ||
| 526 |
_a0 _b0 _c0 _d629_220000000000000_DYK |
||
| 650 | 0 |
_aAutomobiles. _938699 |
|
| 650 | 0 |
_aMCE _9379 |
|
| 942 |
_2ddc _cBK |
||
| 999 |
_c550671 _d550671 |
||